Recuerdo de Álvaro Cunqueiro (Record no. 197368)
[ view plain ]
| 000 -LEADER | |
|---|---|
| campo de control de longitud fija | 01756nim a2200397 i 4500 |
| 001 - NÚMERO DE CONTROL | |
| campo de control | 197368 |
| 003 - IDENTIFICADOR DE NÚMERO DE CONTROL | |
| campo de control | ES-MaACL |
| 005 - FECHA Y HORA DE LA ÚLTIMA TRANSACCIÓN | |
| campo de control | 20250828062635.0 |
| 007 - CAMPO FIJO DE DESCRIPCIÓN FÍSICA--INFORMACIÓN GENERAL | |
| campo de control de longitud fija | ss lsnjlcipnne |
| 008 - DATOS DE LONGITUD FIJA--INFORMACIÓN GENERAL | |
| campo de control de longitud fija | 140525s1991 sp nnnn |||| 00| spa d |
| 040 ## - FUENTE DE CATALOGACIÓN | |
| Lengua de catalogación | spa |
| Centro/agencia transcriptor | ES-MaACL |
| 245 00 - MENCIÓN DEL TÍTULO | |
| Título | Recuerdo de Álvaro Cunqueiro |
| Medio | [Grabación sonora] : |
| Resto del título | mesa redonda / |
| Mención de responsabilidad, etc. | intervienen Gonzalo Torrente Ballester, Dionisio Gamallo Fierros, Lois Diéguez y César Antonio Molina ; presenta Miguel Losada |
| 260 ## - PUBLICACIÓN, DISTRIBUCIÓN, ETC. | |
| Lugar de publicación, distribución, etc. | Madrid : |
| Nombre del editor, distribuidor, etc. | Ateneo de Madrid, |
| Fecha de publicación, distribución, etc. | 1991 |
| 300 ## - DESCRIPCIÓN FÍSICA | |
| Extensión | 2 casetes (ca. 180 min) : |
| Otras características físicas | son. ; |
| Dimensiones | 11 cm |
| 490 1# - MENCIÓN DE SERIE | |
| Materiales especificados | Actos culturales en el Ateneo de Madrid |
| 518 ## - NOTA DE FECHA/HORA Y LUGAR DE UN ACONTECIMIENTO | |
| Nota de fecha/hora y lugar de un acontecimiento | Grabado el 14 de mayo de 1991 en el Salón de Actos del Ateneo de Madrid |
| 520 ## - RESUMEN, ETC. | |
| Sumario, etc. | Homenaje a Álvaro Cunqueiro (1911-1981), novelista, poeta, dramaturgo, periodista y gastrónomo. |
| 540 ## - NOTA DE CONDICIONES DE USO Y REPRODUCCIÓN | |
| Condiciones de uso y reproducción | Documento inédito |
| 594 ## - Nota al título y mención de responsabilidad | |
| a | Datos basados en la invitación |
| 600 14 - PUNTO DE ACCESO ADICIONAL DE MATERIA--NOMBRE DE PERSONA | |
| Nombre de persona | Cunqueiro, Álvaro, |
| Fechas asociadas al nombre | 1911-1981 |
| 9 (RLIN) | 42188 |
| 610 20 - PUNTO DE ACCESO ADICIONAL DE MATERIA--NOMBRE DE ENTIDAD CORPORATIVA | |
| Nombre de entidad corporativa o nombre de jurisdicción como elemento de entrada | Ateneo de Madrid- |
| Subdivisión general | Actos culturales- |
| Subdivisión cronológica | 1991- |
| Subdivisión de forma | Grabaciones sonoras |
| 9 (RLIN) | 240452 |
| 653 ## - TÉRMINO DE INDIZACIÓN--NO CONTROLADO | |
| Término no controlado | Archivo de la palabra |
| 655 #0 - TERMINO DE INDIZACIÓN--GENERO/FORMA | |
| Datos o término principal de género/forma | Conferencias |
| 9 (RLIN) | 234444 |
| 700 1# - ENTRADA AGREGADA--NOMBRE PERSONAL | |
| 9 (RLIN) | 110850 |
| Nombre de persona | Torrente Ballester, Gonzalo, |
| Término indicativo de función/relación | Orador |
| Fechas asociadas al nombre | 1910-1999 |
| 700 1# - ENTRADA AGREGADA--NOMBRE PERSONAL | |
| 9 (RLIN) | 53740 |
| Nombre de persona | Gamallo Fierros, Dionisio, |
| Término indicativo de función/relación | Orador |
| Fechas asociadas al nombre | 1914-2000 |
| 700 0# - ENTRADA AGREGADA--NOMBRE PERSONAL | |
| 9 (RLIN) | 81883 |
| Nombre de persona | Molina, César Antonio |
| Término indicativo de función/relación | Orador |
| 700 1# - ENTRADA AGREGADA--NOMBRE PERSONAL | |
| 9 (RLIN) | 240621 |
| Nombre de persona | Diéguez, Lois, |
| Término indicativo de función/relación | Orador |
| Fechas asociadas al nombre | 1944- |
| 700 1# - ENTRADA AGREGADA--NOMBRE PERSONAL | |
| 9 (RLIN) | 74261 |
| Nombre de persona | Losada, Miguel |
| Término indicativo de función/relación | presentador |
| 710 ## - ENTRADA AGREGADA--NOMBRE DE ENTIDAD CORPORATIVA | |
| Nombre de entidad corporativa o nombre de jurisdicción como elemento de entrada | Ateneo de Madrid |
| Unidad subordinada | Agrupación de Estudios Gallegos |
| 9 (RLIN) | 240622 |
| Término indicativo de función/relación | Sede |
| 830 #0 - PUNTO DE ACCESO ADICIONAL DE SERIE-TÍTULO UNIFORME | |
| Título uniforme | Actos culturales en el Ateneo de Madrid |
| 9 (RLIN) | 240237 |
| 852 ## - LOCALIZACIÓN | |
| Ubicación | ES-MaACL |
| Ubicación en estantería | Depósito Z |
| itemnumber | 205698 |
| Designación de la unidad física | Cinta 1 |
| 852 ## - LOCALIZACIÓN | |
| Ubicación | ES-MaACL |
| Ubicación en estantería | Depósito Z |
| itemnumber | 205699 |
| Designación de la unidad física | Cinta 2 |
| 942 ## - ELEMENTOS DE ENTRADA SECUNDARIOS (KOHA) | |
| Fuente del sistema de clasificación o colocación | Clasificación decimal universal |
| Suprimir en OPAC | No |
| Tipo de ítem Koha | Casete |
| Estatus retirado | Estado de pérdida | Fuente del sistema de clasificación o colocación | Especificación de materiales (volumen encuadernado u otra parte) | Estado de daño | No para préstamo | Colección | Biblioteca de origen | Biblioteca actual | Ubicación en estantería | Fecha de adquisición | Total de préstamos | Signatura topográfica completa | Código de barras | Visto por última vez | Precio de reemplazo | Tipo de ítem Koha |
|---|---|---|---|---|---|---|---|---|---|---|---|---|---|---|---|---|
| Clasificación decimal universal | Cinta 1 | Archivo de la palabra | Biblioteca del Ateneo de Madrid | Biblioteca del Ateneo de Madrid | Depósito Z | 22/05/2025 | AP/1292 | 2025-0425 | 22/05/2025 | 22/05/2025 | Casete | |||||
| Clasificación decimal universal | Cinta 2 | Archivo de la palabra | Biblioteca del Ateneo de Madrid | Biblioteca del Ateneo de Madrid | Depósito Z | 22/05/2025 | AP/1293 | 2025-0426 | 22/05/2025 | 22/05/2025 | Casete |
